000 00816nam a2200229 a 4500
001 BRL_1524
005 20190320211239.0
008 140214s1971----mx-ao#####---#000-0#spa-#
041 _aspa
044 _amx
050 4 _aGT4814.A3
_b.P75 1971
245 1 0 _aPrimer festival de danza y música tradicionales del Estado de México
260 _aToluca
_bGobierno del Estado de México
_c1971
300 _a[56] p.
_bil., fotografías (en blanco y negro)
_c27 cm.
500 _aAu1730
650 1 4 _aFestivales
_zEstado de México
_927166
650 1 4 _aFestividades religiosas
_zEstado de México
_927167
650 1 4 _aDanzas populares y nacionales
_zEstado de México
_927168
710 2 _aGobierno del Estado de México
_bDirección de Turismo. Dpto. de Difusión Cultural
_927169
902 _aGRL
942 _2lcc
_cB
999 _c10333
_d10333